Muzyka Twoje Imie Ma (Lp Plp 0009) (Record n. 102522)

Dettagli MARC
000 -LEADER
fixed length control field 02407njm a2200409Ia 4500
001 - CONTROL NUMBER
control field 73482
003 - CONTROL NUMBER IDENTIFIER
control field IT-RoPAU
005 - DATE AND TIME OF LATEST TRANSACTION
control field 20220918181155.0
008 - FIXED-LENGTH DATA ELEMENTS--GENERAL INFORMATION
fixed length control field 131025s9999 xx 000 0 und d
040 ## - CATALOGING SOURCE
Original cataloging agency IT-RoPAU
040 ## - CATALOGING SOURCE
Transcribing agency IT-RoPAU
041 ## - LANGUAGE CODE
Language code of text/sound track or separate title POLACCO
999 ## - SYSTEM CONTROL NUMBERS (KOHA)
Koha Dewey Subclass [OBSOLETE] n.d.
100 ## - MAIN ENTRY--PERSONAL NAME
Personal name AA.VV.
9 (RLIN) 794
100 ## - MAIN ENTRY--PERSONAL NAME
Relator term Autore musica
9 (RLIN) 25094
100 ## - MAIN ENTRY--PERSONAL NAME
Miscellaneous information Codice autore musica SPICS: 12000
9 (RLIN) 796
245 ## - TITLE STATEMENT
Title Muzyka Twoje Imie Ma (Lp Plp 0009)
250 ## - EDITION STATEMENT
Edition statement 1a ed.
260 ## - PUBLICATION, DISTRIBUTION, ETC. (IMPRINT)
Place of publication, distribution, etc. POLONIA
260 ## - PUBLICATION, DISTRIBUTION, ETC. (IMPRINT)
Name of publisher, distributor, etc. PRONIT
Date of publication, distribution, etc. 1987 [1a Ed.:1987 - Ed. Lingua Orig.: 1987]
300 ## - PHYSICAL DESCRIPTION
Extent DISCO
500 ## - GENERAL NOTE
General note Musica pop.
505 ## - FORMATTED CONTENTS NOTE
Formatted contents note To Nie Moj Swiat - Muzyka Twoje Imie Ma - Do Smiechu I Do Lez - Noworoczny Snieg - Wierzac W Sile Ziemi - Pomiedzy Dniem A Snem - Za Wszystkie Noce - Wystawie Ci Rachunek - Na Milosc Nie Ma Rady - Krol Tanca Walc - Tu Sie Zaczyna Swiat - Ja Nie Chce Czekac
511 ## - PARTICIPANT OR PERFORMER NOTE
Participant or performer note Eleni
650 ## - SUBJECT ADDED ENTRY--TOPICAL TERM
Topical term or geographic name as entry element POP MUSIC [DISCHI]
Relator term Codice MATERIA SPICS: 9950
9 (RLIN) 25095
700 ## - ADDED ENTRY--PERSONAL NAME
Personal name Dzokas K.
Dates associated with a name Codice autore musica SPICS: 25460
Relator term Autore musica
Name of part/section of a work To Nie Moj Swiat - Do Smiechu I Do Lez - Pomiedzy Dniem A Snem -Za Wszystkie Noce - Na Milosc Nie ma Rady - Krol Tanca Walc - Tu Sie Zaczyna Swiat
9 (RLIN) 25096
700 ## - ADDED ENTRY--PERSONAL NAME
Personal name Bukowski J.
Dates associated with a name Codice autore testo/musica SPICS: 25552
Relator term Autore testo/musica
Name of part/section of a work To Nie Moj Swiat - Do Smiechu I Do Lez - Noworoczny Snieg
9 (RLIN) 25097
700 ## - ADDED ENTRY--PERSONAL NAME
Personal name Kukulski J.
Dates associated with a name Codice autore musica SPICS: 25065
Relator term Autore musica
Name of part/section of a work Muzyka Twoje Imie Ma
9 (RLIN) 25098
700 ## - ADDED ENTRY--PERSONAL NAME
Personal name Kurylo A.
Dates associated with a name Codice autore testo/musica SPICS: 25489
Relator term Autore testo/musica
Name of part/section of a work Muzyka Twoje Imie Ma - Pomiedzy Dniem A Snem
9 (RLIN) 25099
700 ## - ADDED ENTRY--PERSONAL NAME
Personal name Bialous A.
Dates associated with a name Codice autore musica SPICS: 25474
Relator term Autore musica
Name of part/section of a work Noworoczny Snieg
9 (RLIN) 25100
700 ## - ADDED ENTRY--PERSONAL NAME
Personal name Kaluzny P.
Dates associated with a name Codice autore testo/musica SPICS: 25475
Relator term Autore testo/musica
Name of part/section of a work Wierzac W Sile Ziemi - Wystawie Ci Rachunek
9 (RLIN) 25101
700 ## - ADDED ENTRY--PERSONAL NAME
Personal name Konopinski L.
Dates associated with a name Codice autore testo/musica SPICS: 25562
Relator term Autore testo/musica
Name of part/section of a work Za Wszystkie Noce - Na Milosc Nie Ma Rady - Krol Tanca Walc - Ja Nie Chce Czekac
9 (RLIN) 25102
700 ## - ADDED ENTRY--PERSONAL NAME
Personal name Sobczak A.
Dates associated with a name Codice autore testo/musica SPICS: 25156
Relator term Autore testo/musica
Name of part/section of a work Wystawie Ci Rachunek
9 (RLIN) 25103
700 ## - ADDED ENTRY--PERSONAL NAME
Personal name Blaszczyk A.
Dates associated with a name Codice autore testo/musica SPICS: 25563
Relator term Autore testo/musica
Name of part/section of a work Tu Sie Zaczyna Swiat
9 (RLIN) 25104
700 ## - ADDED ENTRY--PERSONAL NAME
Personal name Debski Krzesimir
Dates associated with a name Codice autore musica SPICS: 21359
Relator term Autore musica
Name of part/section of a work Ja Nie Chce Czekac
9 (RLIN) 25105
942 ## - ADDED ENTRY ELEMENTS (KOHA)
Koha item type DISCHI
Source of classification or shelving scheme Dewey Decimal Classification
Dati di copia
Withdrawn status Lost status Damaged status Not for loan Home library Current library Date acquired Total Checkouts Full call number Date last seen Price effective from Koha item type Public note
    Buone Condizioni Not For Loan SPICS-MEDIATECA SPICS-MEDIATECA 25/10/2013   73482 25/10/2013 25/10/2013 DISCHI Progr. Ins.: 17762 / N.Vol.: 1 / Copie: 1 - Copia rara: n.d. / date import: 01.01.2014 - By Epidotti, Trombetti, Vaglietti
CREDITS: SOCIETA' SAN PAOLO Via A.Severo, 58 - ROMA (RM) & PERIODICI SAN PAOLO SRL Via Giotto, 36 MILANO & CISF Via Giotto, 36 MILANO & EDIZIONI SAN PAOLO SRL,  Piazza Soncino, 5 CINISELLO BALSAMO (MI) -- ITALY